Protein and fat effects on glucose responses and insulin requirements in children and adolescents with Type1 diabetes mellitus / (Record no. 62862)
[ view plain ]
| 000 -LEADER | |
|---|---|
| fixed length control field | 02720cam a2200349 a 4500 |
| 003 - CONTROL NUMBER IDENTIFIER | |
| control field | EG-GiCUC |
| 005 - DATE AND TIME OF LATEST TRANSACTION | |
| control field | 20250223031823.0 |
| 008 - FIXED-LENGTH DATA ELEMENTS--GENERAL INFORMATION | |
| fixed length control field | 171010s2017 ua d f m 000 0 eng d |
| 040 ## - CATALOGING SOURCE | |
| Original cataloging agency | EG-GiCUC |
| Language of cataloging | eng |
| Transcribing agency | EG-GiCUC |
| 041 0# - LANGUAGE CODE | |
| Language code of text/sound track or separate title | eng |
| 049 ## - LOCAL HOLDINGS (OCLC) | |
| Holding library | Deposite |
| 097 ## - Thesis Degree | |
| Thesis Level | Ph.D |
| 099 ## - LOCAL FREE-TEXT CALL NUMBER (OCLC) | |
| Classification number | Cai01.11.28.Ph.D.2017.Ra.P |
| 100 0# - MAIN ENTRY--PERSONAL NAME | |
| Personal name | Rania Ibrahim Salem |
| 245 10 - TITLE STATEMENT | |
| Title | Protein and fat effects on glucose responses and insulin requirements in children and adolescents with Type1 diabetes mellitus / |
| Statement of responsibility, etc. | Rania Ibrahim Salem ; Supervised Mona Hassan Hafez , Ghada Mohammad Anwar , Marise Antoun Fahmy |
| 246 15 - VARYING FORM OF TITLE | |
| Title proper/short title | تأثير البروتين والدهون على نسبة الجلوكوز واحتياجات الأنسولين في الأطفال والمراهقين المصابين بالنوع الأول من مرض السكر |
| 260 ## - PUBLICATION, DISTRIBUTION, ETC. | |
| Place of publication, distribution, etc. | Cairo : |
| Name of publisher, distributor, etc. | Rania Ibrahim Salem , |
| Date of publication, distribution, etc. | 2017 |
| 300 ## - PHYSICAL DESCRIPTION | |
| Extent | 130 P. : |
| Other physical details | charts ; |
| Dimensions | 25cm |
| 502 ## - DISSERTATION NOTE | |
| Dissertation note | Thesis (Ph.D.) - Cairo University - Faculty of Medicine - Department of Pediatrics |
| 520 ## - SUMMARY, ETC. | |
| Summary, etc. | Background : contionus glucose moniyoring highlights the complexity of postprandial glucode and points to the limitations of current appoach based on arbohydrate counting. Objective: To determine the effect protein and fat on post prandial glycemia in patients with type 1 diabetes. Research design and methods: Prospective study-follow up. This study included 51 children and adolescents with type 1 diabetes following up at Diabetes, Endocrine and Metabolism Pediatric Unit (DEMPU), Abo Elrish Children hospital, Cairo University. We compared post prandial blood glucose levels following three breakfast meals with varying protein and fat content (standard carbohydrate meal, high fat meal, high protein meal) over a period of 5 hours on 3 consecutive days. Results: High protein meal caused hyperglycemia with a peak at 3-4 hours and continues for 5 hours while high fat meal caused early hyperglycemia reached a peak at 2 hours then declined towards 5 hours. Comparing the three different meals there was a significant p value {u2264} 0.05 regarding postprandial glycemia at 30, 60, 90,120, 180, 210, 240, 270, 300 minutes after breakfast meal. Conclusion: Meals high in protein and fat increase glucose excursions postprandial over a period of 5 hours |
| 530 ## - ADDITIONAL PHYSICAL FORM AVAILABLE NOTE | |
| Additional physical form available note | Issued also as CD |
| 653 #4 - INDEX TERM--UNCONTROLLED | |
| Uncontrolled term | High fat meal |
| 653 #4 - INDEX TERM--UNCONTROLLED | |
| Uncontrolled term | High protein meal |
| 653 #4 - INDEX TERM--UNCONTROLLED | |
| Uncontrolled term | Type 1 diabetes |
| 700 0# - ADDED ENTRY--PERSONAL NAME | |
| Personal name | Ghada Mohammad Anwar , |
| Relator term | |
| 700 0# - ADDED ENTRY--PERSONAL NAME | |
| Personal name | Marise Antoun Fahmy , |
| Relator term | |
| 700 0# - ADDED ENTRY--PERSONAL NAME | |
| Personal name | Mona Hassan Hafez , |
| Relator term | |
| 856 ## - ELECTRONIC LOCATION AND ACCESS | |
| Uniform Resource Identifier | <a href="http://172.23.153.220/th.pdf">http://172.23.153.220/th.pdf</a> |
| 905 ## - LOCAL DATA ELEMENT E, LDE (RLIN) | |
| Cataloger | Nazla |
| Reviser | Revisor |
| 905 ## - LOCAL DATA ELEMENT E, LDE (RLIN) | |
| Cataloger | Shimaa |
| Reviser | Cataloger |
| 942 ## - ADDED ENTRY ELEMENTS (KOHA) | |
| Source of classification or shelving scheme | Dewey Decimal Classification |
| Koha item type | Thesis |
| Source of classification or shelving scheme | Not for loan | Home library | Current library | Date acquired | Full call number | Barcode | Date last seen | Koha item type | Copy number |
|---|---|---|---|---|---|---|---|---|---|
| Dewey Decimal Classification | المكتبة المركزبة الجديدة - جامعة القاهرة | قاعة الرسائل الجامعية - الدور الاول | 11.02.2024 | Cai01.11.28.Ph.D.2017.Ra.P | 01010110072981000 | 22.09.2023 | Thesis | ||
| Dewey Decimal Classification | المكتبة المركزبة الجديدة - جامعة القاهرة | مخـــزن الرســائل الجـــامعية - البدروم | 11.02.2024 | Cai01.11.28.Ph.D.2017.Ra.P | 01020110072981000 | 22.09.2023 | CD - Rom | 72981.CD |